Law, Justice, Society: selected works of Upendra Baxi- Human rights volume 1 (Record no. 116174)

MARC details
000 -LEADER
fixed length control field 00279 a2200097 4500
020 ## - INTERNATIONAL STANDARD BOOK NUMBER
International Standard Book Number 9780190124748
100 ## - MAIN ENTRY--PERSONAL NAME
Personal name Amita Dhanda, ed.
245 ## - TITLE STATEMENT
Title Law, Justice, Society: selected works of Upendra Baxi- Human rights volume 1
260 ## - PUBLICATION, DISTRIBUTION, ETC. (IMPRINT)
Name of publisher, distributor, etc Oxford University Press
Date of publication, distribution, etc 2026
942 ## - ADDED ENTRY ELEMENTS (KOHA)
Koha item type On order/under processing
Holdings
Withdrawn status Lost status Damaged status Not for loan Home library Current library Date acquired Source of acquisition Cost, normal purchase price Total Checkouts Barcode Date last seen Cost, replacement price Price effective from Koha item type
        University Library University Library 21/03/2026 94 7996.00   00098249 21/03/2026 9995.00 21/03/2026 On order/under processing
University Library, CUSAT